Access : some Western models of community media / (Record no. 46769)
[ view plain ]
| 000 -LEADER | |
|---|---|
| fixed length control field | 00686nam a2200217 a 4500 |
| 001 - CONTROL NUMBER | |
| control field | 46769 |
| 003 - CONTROL NUMBER IDENTIFIER | |
| rucl marc code | BD-RjUL |
| 005 - DATE AND TIME OF LATEST TRANSACTION | |
| control field | 20211209054213.0 |
| 008 - FIXED-LENGTH DATA ELEMENTS--GENERAL INFORMATION | |
| fixed length control field | 160804s1977 nu ||||| |||| 00| 0 eng d |
| 020 ## - INTERNATIONAL STANDARD BOOK NUMBER | |
| International Standard Book Number | 9231014323 |
| 035 ## - SYSTEM CONTROL NUMBER | |
| System control number | (BD-RjUL)46888 |
| 040 ## - CATALOGING SOURCE | |
| Original cataloging agency | BD-RjUL |
| Language of cataloging | eng |
| Transcribing agency | BD-RjUL |
| 041 ## - LANGUAGE CODE | |
| Language code of text/sound track or separate title | eng |
| 082 ## - DEWEY DECIMAL CLASSIFICATION NUMBER | |
| Classification number | 301.161091713 |
| Edition number | 23 |
| Author mark and year | ACC 1977 |
| 245 00 - TITLE STATEMENT | |
| Title | Access : some Western models of community media / |
| Statement of responsibility, etc. | Edited by Frances Berrigan J. |
| 260 ## - PUBLICATION, DISTRIBUTION, ETC. (IMPRINT) | |
| Place of publication, distribution, etc. | Paris : |
| Name of publisher, distributor, etc. | United Nations Educational, |
| Date of publication, distribution, etc. | 1977 |
| 300 ## - PHYSICAL DESCRIPTION | |
| Pagination | 229 p. ; |
| Size | 23 cm. |
| 650 ## - SUBJECT ADDED ENTRY--TOPICAL TERM | |
| Topical term or geographic name as entry element | Local mass media |
| General subdivision | Social aspects |
| Geographic subdivision | Europe -- Case studies |
| 9 (RLIN) | 142513 |
| 700 ## - ADDED ENTRY--PERSONAL NAME | |
| Personal name | Edited by Berrigan, Frances J. |
| 942 ## - ADDED ENTRY ELEMENTS (KOHA) | |
| Source of classification or shelving scheme | Dewey Decimal Classification |
| Koha item type | Books |
| Lost status | Source of classification or shelving scheme | Damaged status | Not for loan | Collection code | Permanent Location | Current Location | Shelving location | Date acquired | Source of acquisition | Total Checkouts | Full call number | Date last seen | Copy number | Koha item type |
|---|---|---|---|---|---|---|---|---|---|---|---|---|---|---|
| Dewey Decimal Classification | Non-fiction | Central Library, University of Rajshahi | Central Library, University of Rajshahi | 30/08/1982 | Unisco | 301.161091713 ACC 1977 | 04/08/2016 | C-2 | Books | |||||
| Dewey Decimal Classification | Not For Loan | Non-fiction | Central Library, University of Rajshahi | Central Library, University of Rajshahi | Reading Room | 03/12/1981 | UNESCO | 301.161091713 ACC 1977 | 28/12/2016 | C-1 | Books |